000 01313cam a2200349 a 4500
999 _c329214
_d329214
001 12327590
003 Nust
005 20170427101039.0
008 001220s2000 bg b b 001 0 eng
010 _a 00411492
020 _a984051542X
025 _aB-E-00-411492; 23
035 _a(DLC) 00411492
037 _bLibrary of Congress -- New Delhi Field Office
_cTk400.00
040 _aDLC
_cDLC
_dDLC
042 _alcode
043 _aa-bg---
050 0 0 _aJQ639.15
_bB36 2000
082 0 0 _a954.9205
_221
_bJAH
245 0 0 _aBangladesh :
_bpromise and performance /
_cedited by Rounaq Jahan.
260 _aDhaka :
_bUniversity Press,
_c2000.
300 _axxxiv, 389 p. :
_bmap ;
_c22 cm.
504 _aIncludes bibliographical references (p. [369]-377) and index.
520 _aContributed articles on Bangladesh's social, economic, and political developments during the past three decades.
651 0 _aBangladesh
_xPolitics and government
_y1971-
651 0 _aBangladesh
_xEconomic conditions.
651 0 _aBangladesh
_xSocial conditions.
700 1 _aJahan, Rounaq.
906 _a7
_bcbc
_corigode
_d3
_encip
_f20
_gy-gencatlg
942 _2ddc
_cBK